000 00564njm a2200181 i 4500
001 C2-0217965
003 PPAK
005 20180729152057.0
008 990717s1987 my |||| ||||| | may d
040 _aPPAK
_beng
_cPPAK
_erda
245 0 0 _aBicara tokoh Prof. Ismail Hussein
264 1 _aAlor Setar, Kedah :
_bPerbadanan Perpustakaan Awam Kedah ,
_c1987
336 _2rdacontent
_atext
337 _2rdamedia
_aunmediated
338 _2rdacarrier
_avolume
500 _adirakam pada 10/5/87 ; Temubual Prof. Ismail Hussein ; Tiada transkripsi
942 _ddc
_cB
999 _c163106
_d163106